Goodwill a stanovenie jeho hodnoty

Podstata pojmu goodwill. Goodwill ako rozdiel medzi výnosovou a substančnou hodnotou podniku. Goodwill ako diskontované mimoriadne čisté výnosy. Stanovenie goodwillu znalcom. Praktické príklady.

Gespeichert in:
Bibliographische Detailangaben
1. Verfasser: Mikócziová, Jana
Format: Buchkapitel
Sprache:Slowakisch
Schlagworte:
Tags: Tag hinzufügen
Keine Tags, Fügen Sie das erste Tag hinzu!

MARC

LEADER 00000naa a2200000 4500
001 0123917
005 20240502072410.9
041 0 |a slo 
044 |a SK 
245 1 0 |a Goodwill a stanovenie jeho hodnoty  |c Jana Mikócziová 
520 |a Podstata pojmu goodwill. Goodwill ako rozdiel medzi výnosovou a substančnou hodnotou podniku. Goodwill ako diskontované mimoriadne čisté výnosy. Stanovenie goodwillu znalcom. Praktické príklady. 
610 2 0 |a goodwill 
610 2 0 |a aktíva 
610 2 0 |a výnosy 
610 2 0 |a zisk 
610 2 0 |a kapitál 
610 2 0 |a ohodnocovanie podniku 
100 1 |a Mikócziová, Jana